Click the Ocean - Statistics

General Stats
  • This quiz has been taken 175 times
  • The average score is 5 of 5
Answers on the Map
Answers color-coded by a green-red scale on the quiz's map according to % correct below.
 
Answer Stats
Answer % Correct
Indian Ocean
96%
Pacific Ocean
96%
Arctic Ocean
94%
Atlantic Ocean
94%
Southern Ocean
78%
No matching quizzes found
Score Distribution
Percent of People with Each Score
Percentile by Number Answered
Your Score History
You have not taken this quiz